|
|
|
|
| LEADER |
01377cam a2200301 4500 |
| 001 |
1239188 |
| 003 |
GR-PaULI |
| 005 |
20240604085114.0 |
| 008 |
710430s1970 enkach bc 001 0 eng |
| 010 |
|
|
|a 70554074
|
| 020 |
|
|
|a 0297761447
|
| 040 |
|
|
|a DLC
|c DLC
|d DLC
|b gre
|e AACR2
|
| 041 |
1 |
|
|a eng
|h ita
|
| 082 |
0 |
0 |
|a 759.5
|2 23
|
| 100 |
0 |
|
|a Piero,
|c della Francesca,
|d 1416?-1492
|9 203983
|e ζωγράφος.
|
| 245 |
1 |
4 |
|a The complete paintings of Piero della Francesca /
|c introduction by Peter Murray ; notes and catalogue by Pierluigi de Vecchi.
|
| 260 |
|
|
|a London :
|b Weidenfeld and Nicolson,
|c 1970.
|
| 300 |
|
|
|a 112 σ. :
|b εικ. ;
|c 32 εκ.
|
| 490 |
1 |
|
|a Classics of world art
|
| 500 |
|
|
|a Τίτλος πρωτοτύπου: L'opera completa di Piero della Francesca.
|
| 504 |
|
|
|a Περιλαμβάνει βιβλιογραφία.
|
| 700 |
1 |
|
|a Murray, Peter,
|d 1920-1992
|9 203980
|e συγγραφέας εισαγωγής.
|
| 700 |
1 |
|
|a De Vecchi, Pierluigi
|e επιμελητής.
|9 203981
|
| 765 |
|
|
|i Μετάφραση του:
|t L'opera completa di Piero della Francesca.
|
| 830 |
|
0 |
|9 203982
|a Classics of world art (Weidenfeld and Nicolson)
|
| 942 |
|
|
|2 ddc
|c BK
|
| 952 |
|
|
|0 0
|1 0
|2 ddc
|4 0
|6 759_500000000000000_PIE
|7 0
|9 380873
|a LISP
|b LISP
|c DON
|d 2024-06-03
|e ΜΑΡ
|i 366124
|l 0
|o 759.5 PIE
|p 025000311400
|r 2024-06-03 00:00:00
|t 1
|w 2024-06-03
|y BKN
|
| 999 |
|
|
|c 221318
|d 221318
|